<?xml version="1.0" encoding="UTF-8"?>
<collection xmlns="http://www.loc.gov/MARC21/slim">
 <record>
  <leader>     na                 </leader>
  <controlfield tag="001">INLIS000000000001979</controlfield>
  <controlfield tag="005">20250814011641</controlfield>
  <datafield tag="035" ind1=" " ind2=" ">
   <subfield code="a">0010-0825000014</subfield>
  </datafield>
  <controlfield tag="007">ta</controlfield>
  <controlfield tag="008">250814                g          0 ind  </controlfield>
  <datafield tag="020" ind1=" " ind2=" ">
   <subfield code="a">978-979-582-299-8</subfield>
  </datafield>
  <datafield tag="082" ind1=" " ind2=" ">
   <subfield code="a">631.8</subfield>
  </datafield>
  <datafield tag="084" ind1=" " ind2=" ">
   <subfield code="a">631.8 MEN</subfield>
  </datafield>
  <datafield tag="100" ind1="0" ind2=" ">
   <subfield code="a">Ladiyani Retno Widowati</subfield>
  </datafield>
  <datafield tag="245" ind1="1" ind2=" ">
   <subfield code="a">Mengenal SNI Pupuk dan Pembenah Tanah :</subfield>
   <subfield code="b">Mendukung Pertanian Berkelanjutan</subfield>
  </datafield>
  <datafield tag="250" ind1=" " ind2=" ">
   <subfield code="a">-</subfield>
  </datafield>
  <datafield tag="260" ind1=" " ind2=" ">
   <subfield code="a">Jakarta :</subfield>
   <subfield code="b">Pertanian Press,</subfield>
   <subfield code="c">2024</subfield>
  </datafield>
  <datafield tag="300" ind1=" " ind2=" ">
   <subfield code="a">vii, 53 hlm. :</subfield>
   <subfield code="b">ilus. ;</subfield>
   <subfield code="c">21 cm</subfield>
  </datafield>
  <datafield tag="700" ind1="0" ind2=" ">
   <subfield code="a">Adha Fatmah Siregar</subfield>
  </datafield>
  <datafield tag="700" ind1="0" ind2=" ">
   <subfield code="a">Linca Anggria</subfield>
  </datafield>
  <datafield tag="700" ind1="0" ind2=" ">
   <subfield code="a">Heri Wibowo</subfield>
  </datafield>
  <datafield tag="700" ind1="0" ind2=" ">
   <subfield code="a">Ibrahim Adamy Sipahutar</subfield>
  </datafield>
  <datafield tag="700" ind1="0" ind2=" ">
   <subfield code="a">Septiyana</subfield>
  </datafield>
  <datafield tag="700" ind1="0" ind2=" ">
   <subfield code="a">Tia Rostaman</subfield>
  </datafield>
  <datafield tag="700" ind1="0" ind2=" ">
   <subfield code="a">Arif Budianto</subfield>
  </datafield>
  <datafield tag="700" ind1="0" ind2=" ">
   <subfield code="a">Ratri Ariani</subfield>
  </datafield>
  <datafield tag="700" ind1="0" ind2=" ">
   <subfield code="a">Kiki Zakiah</subfield>
  </datafield>
  <datafield tag="700" ind1="0" ind2=" ">
   <subfield code="a">Sarmah</subfield>
  </datafield>
  <datafield tag="700" ind1="0" ind2=" ">
   <subfield code="a">Jelly Amalia Santr</subfield>
  </datafield>
  <datafield tag="700" ind1="0" ind2=" ">
   <subfield code="a">Dinihari Indah Kusumawati</subfield>
  </datafield>
  <datafield tag="700" ind1="0" ind2=" ">
   <subfield code="a">Ema Lindawati, M.Biotech</subfield>
  </datafield>
  <datafield tag="700" ind1="0" ind2=" ">
   <subfield code="a">Ulfa Mutammimah</subfield>
  </datafield>
  <datafield tag="700" ind1="0" ind2=" ">
   <subfield code="a">Vina Agustin</subfield>
  </datafield>
  <datafield tag="520" ind1=" " ind2=" ">
   <subfield code="a">Produktivitas tanaman tidak lepas dari peran pupuk sebagai sarana produksi pertanian yang menyediakan sumber hara tambahan bagi tanaman. Saat ini, peredaran pupuk sudah marak dipasaran sehingga perlu terjamin kualitasnya. Oleh karena itu, pupuk yang beredar harus memenuhi persyaratan mutu sesuai dengan standar yang ditetapkan oleh pemerintah, seperti memuat ketentuan persyaratan mutu dalam SNI (Standar Nasional Indonesia), PTM (Persyaratan Teknis Minimal), dan regulasi pupuk lainnya. Selaras dengan tugas dan fungsi Balai Pengujian Standar Instrumen Tanah dan Pupuk (BPSI Tanah dan Pupuk) yakni pengumpulan dan pengolahan data serta penyebarluasan hasil standardisasi instrumen tanah dan pupuk maka dibuatlah buku ini yang berisi kumpulan informasi terkait standardisasi pupuk dan pembenah tanah yang ada di Indonesia. Buku ini menjelaskan secara komprehensif terkait SNI pupuk dan pembenah tanah yang ada, termasuk peran dan fungsi hara yang terkandung dalam pupuk serta peran dan fungsi pembenah tanah yang dimaksud, memberikan aturan bagi pengambil kebijakan.</subfield>
  </datafield>
  <datafield tag="856" ind1=" " ind2=" ">
   <subfield code="a">https://epublikasi.pertanian.go.id/index.php/pertanianpress/catalog/view/110/108/998</subfield>
  </datafield>
  <datafield tag="990" ind1=" " ind2=" ">
   <subfield code="a">00000004738</subfield>
  </datafield>
 </record>
</collection>
